Introduction to financial accounting. (Record no. 3648)

000 -LEADER
fixed length control field nam a22 a 4500
005 - DATE AND TIME OF LATEST TRANSACTION
control field 20170523143639.0
008 - FIXED-LENGTH DATA ELEMENTS--GENERAL INFORMATION
fixed length control field 170523s1987 enka || 001 ||eng d
020 ## - INTERNATIONAL STANDARD BOOK NUMBER
International Standard Book Number 0134833554 (pbk) :
Terms of availability £17.95
040 ## - CATALOGING SOURCE
Original cataloging agency AKMAL
082 ## - DEWEY DECIMAL CLASSIFICATION NUMBER
Classification number 657.8333 HOR
090 ## - LOCALLY ASSIGNED LC-TYPE CALL NUMBER (OCLC); LOCAL CALL NUMBER (RLIN)
Classification number (OCLC) (R) ; Classification number, CALL (RLIN) (NR) 657.8333
Local cutter number (OCLC) ; Book number/undivided call number, CALL (RLIN) HOR
100 ## - MAIN ENTRY--PERSONAL NAME
Personal name Horngren, Charles T.,
Dates associated with a name 1926
9 (RLIN) 7216
245 ## - TITLE STATEMENT
Title Introduction to financial accounting.
250 ## - EDITION STATEMENT
Edition statement 3rd ed /
Remainder of edition statement Charles T. Horngren, Gary L. Sundem.
260 ## - PUBLICATION, DISTRIBUTION, ETC.
Place of publication, distribution, etc. London :
Name of publisher, distributor, etc. Prentice-Hall International,
Date of publication, distribution, etc. c1987
300 ## - PHYSICAL DESCRIPTION
Extent xx,795p. :
Other physical details col.ill. ;
Dimensions 24cm
490 ## - SERIES STATEMENT
Series statement Prentice-Hall series in accounting
500 ## - GENERAL NOTE
General note Previous ed.: 1984.
650 ## - SUBJECT ADDED ENTRY--TOPICAL TERM
Topical term or geographic name entry element Accounting
9 (RLIN) 5885
700 ## - ADDED ENTRY--PERSONAL NAME
Personal name Sundem, Gary L.
9 (RLIN) 7217
942 ## - ADDED ENTRY ELEMENTS (KOHA)
Source of classification or shelving scheme
Koha item type Book
Holdings
Withdrawn status Lost status Source of classification or shelving scheme Damaged status Not for loan Collection code Home library Current library Shelving location Date acquired Inventory number Total Checkouts Full call number Barcode Date last seen Price effective from Koha item type
          NON-FICTION AKMAL Melaka AKMAL Melaka PINJAMAN 23.05.2017 001731   657.8333 HOR 201704749 23.05.2017 23.05.2017 Book
Pusat Sumber Maklumat Dato' Haji Sarmin Md Hussin, Akademi Kastam Diraja Malaysia, Melaka
Tel: 06-2331106 | Faks: 06-2313787